Its A Mad Mad Mad Mad World Celebrities - Statistics

General Stats
  • This quiz has been taken 16 times
    14 since last reset
  • The average score is 13 of 18
Answer Stats
Character hint Actor name % Correct
Mother In-law Ethel Merman
92%
Trapped in hardware store #1 Sid Caesar
92%
Tries to land plane #1 Buddy Hackett
83%
Cab Driver #1 Peter Falk
83%
Drives car into river Phil Silvers
83%
Detective Spencer Tracy
83%
Surfer dude Dick Shawn
75%
Old man kicks bucket Jimmy Durante
75%
Truck Driver Jonathan Winters
75%
Tries to land plane #2 Mickey Rooney
75%
Drunk pilot Jim Backus
67%
Firefighter #2 Larry Fine
67%
Cab Driver #2 Eddie "Rochester" Anderson
58%
Trapped in hardware store #2 Edie Adams
58%
Firefighter #1 Moe Howard
58%
Brit in Land Rover Terry Thomas
58%
Firefighter #3 Joe Derita
42%
Captain's hat Milton Berle
42%
No matching quizzes found
Score Distribution
Percent of People with Each Score
Percentile by Number Answered
Your Score History
You have not taken this quiz since the last reset